00518nam a2200133 i 450000100060000000300090000600500170001500700030003200800410003510000310007624502240010726000300033185200230036173610ES-MaACL20230906171853.0t|040909s1919 sp ||||1| spa d1 aGómez Llombart, Eduardo.10aReformas jurídicas b: proyecto de Ley estableciendo las bases para la reforma de la orgánica de los Tribunales y las de enjuiciamiento civil y criminal / cintervenciones parlamentarias de Eduardo Gómez Llombart. aMadrid : b[s.n., c1919] aES-MaACLj1573-F-1